Swiss players in Premier League (2000-) - Statistics

General Stats
  • This quiz has been taken 77 times
  • The average score is 12 of 34
Answer Stats
Ranking Player Positions Nationality Matches Goals (assists) Periods Clubs % Correct
1 Granit Xhaka DF, MF 225 17 (24) 2016-2023
98%
2 Fabian Schär DF 195 18 (7) 2018-2025
95%
5 Xherdan Shaqiri MF, FW 129 22 (20) 2015-2021
95%
8 Manuel Akanji DF, MF 85 2 (1) 2022-2025
89%
4 Philippe Senderos DF 131 6 (2) 2004-2007, 2009-2015
68%
7 Johan Djourou DF 99 1 (1) 2005-2012
61%
20 Stephan Lichtsteiner DF, MF 14 0 (0) 2018-2019
61%
25 Denis Zakaria DF, MF 7 0 (0) 2022-2023
55%
17 Remo Freuler MF 28 0 (0) 2022-2023
52%
29 Gökhan Inler MF 5 0 (0) 2015-2016
47%
6 Valon Behrami DF, MF 106 4 (4) 2008-2010, 2015-2017
44%
13 Zeki Amdouni MF, FW 34 5 (1) 2023-2024
41%
10 Edimilson Fernandes DF, MF, FW 42 0 (2) 2016-2018
38%
9 Gelson Fernandes MF 43 3 (0) 2007-2009
38%
3 Stéphane Henchoz DF 144 0 (1) 2000-2003, 2005-2007
36%
24 Kevin Mbabu DF 9 0 (1) 2015-2016, 2022-2023
35%
16 Eldin Jakupović GK 28 0 (0) 2013-2014, 2016-2018
32%
19 Timm Klose DF 17 1 (0) 2015-2016, 2019-2020
24%
22 Albian Ajeti FW 9 0 (0) 2019-2020
21%
18 Josip Drmić FW 21 1 (0) 2019-2020
17%
11 Pajtim Kasami MF, FW 38 3 (0) 2011-2014
17%
14 Reto Ziegler DF, MF 34 1 (2) 2004-2007
15%
28 Philipp Degen DF, FW 7 0 (0) 2009-2010
14%
23 Andi Zeqiri DF, MF, FW 9 0 (0) 2020-2021
12%
27 Johann Vogel MF 7 0 (0) 2007-2009
12%
31 Alexandre Jankewitz MF 2 0 (0) 2020-2021
9%
32 Gaetano Berardi DF 2 0 (0) 2020-2021
8%
21 Ramon Vega DF 10 0 (0) 2000-2001
6%
15 Almen Abdi MF 32 2 (0) 2015-2016
5%
12 Bernt Haas DF 37 0 (1) 2001-2002, 2004-2005
5%
30 Bruno Berner DF, MF 3 0 (0) 2006-2008
5%
26 Fabio Daprelà DF, MF 7 0 (0) 2009-2010
5%
34 Cabral MF 1 0 (0) 2013-2014
3%
33 Patrick Foletti GK 2 0 (0) 2001-2002
3%
No matching quizzes found
Score Distribution
Percent of People with Each Score
Percentile by Number Answered
Your Score History
You have not taken this quiz